[Event "Krynica zt"]
[Site "Krynica"]
[Date "1998.09.06"]
[Round "5"]
[White "Horvath, Csaba"]
[Black "Acs, Peter"]
[Result "0-1"]
[WhiteElo "2540"]
[BlackElo "2500"]
[Annotator "Tisdall,J"]
[PlyCount "74"]
[EventDate "1998.09.02"]
[EventType "swiss"]
[EventRounds "9"]
[EventCountry "POL"]
[SourceTitle "CBM 067"]
[Source "ChessBase"]
[SourceDate "1998.11.30"]
[SourceVersion "2"]
[SourceVersionDate "1998.11.01"]
[SourceQuality "1"]

{[%mdl 708]} 1. d4 Nf6 2. Nf3 d5 3. c4 e6 4. g3 Bb4+ 5. Bd2 Be7 6. Bg2 O-O 7.
O-O Nbd7 8. Qc2 c6 9. Rd1 Ne4 10. Nc3 (10. Be1 f5 11. Ne5 Nxe5 12. dxe5 b6 13.
b4 Bb7 14. h4 Qb8 15. f3 Qxe5 16. fxe4 fxe4 17. a3 c5 $44 {0-1 Esbensen,
A-Ostenstad,B/NOR-op 1992/EXT 97 (36)}) (10. Ne1 f5 11. Nd3 Qe8 12. Bb4 Bxb4
13. Nxb4 Ndf6 14. Nd3 b6 15. Nd2 Bb7 16. Nf3 Qe7 17. Rac1 Rac8 18. c5 Nd7 19.
Qa4 bxc5 20. Qxa7 Rb8 21. dxc5 {1-0 Sulava,N-Nikolac,J/Pula 1997/EXT 97 (35)})
(10. Bf4 f5 11. Nc3 Ndf6 12. Ne5 Qe8 13. f3 Nxc3 14. bxc3 b6 15. Re1 Bb7 16.
Rab1 c5 17. cxd5 Nxd5 18. Bd2 cxd4 19. cxd4 Rc8 20. Qb3 Bf6 21. e4 fxe4 22.
fxe4 Bxe5 23. dxe5 Nc7 24. Bb4 $16 {1-0 Lingnau,C-Becker,M/NRW-Liga II 1997/
NRW-II (51)}) 10... f5 11. Be3 {A logical move, preserving both the bishop and
the redployment route Ne1-d3. Nevertheless, it feels like an awkward square
for the bishop.} (11. Be1 Qe8 12. Rab1 (12. Nd2 Qh5 13. Nf1 Ndf6 14. Rab1 Bd7
15. e3 Ng5 16. cxd5 exd5 17. Qe2 Qh6 18. Rdc1 Be8 19. f3 Bh5 20. Nd2 Bd6 21.
Qf1 Rae8 22. Bf2 Ne6 23. f4 g5 24. Nf3 Bxf3 25. Bxf3 Kh8 $36 {0-1 Bielicki,
C-Rossetto,H/Havana 1964/MCD-r6 (50)}) 12... Qh5 13. b4 Nb6 14. Ne5 Bf6 15. c5
Bxe5 16. cxb6 Bd6 17. Na4 f4 18. bxa7 fxg3 19. hxg3 Rxa7 20. Nb6 Ng5 21. Rb3
$13 {0-1 Lein,A-Chandler,M/Palma de Mallorca 1989/TD 89\13 (39)}) (11. Nxe4
fxe4 12. Ne1 Nb6 13. b3 Bf6 14. Be3 Bd7 15. c5 Nc8 16. f3 exf3 17. Nxf3 Be8 18.
Qd2 Bg6 19. Bg5 Ne7 20. Rf1 Be4 $11 {1/2-1/2 Andersson,U-Salov,V/Brussels 1988/
CBM 07 (61)}) (11. Ne5 Nxe5 12. dxe5 Bd7 13. Be3 Kh8 14. Nxe4 fxe4 15. cxd5
cxd5 16. Rac1 Qe8 17. Qd2 Ba4 18. b3 Bc6 19. f4 exf3 20. exf3 Ba3 21. Rc2 Qe7
22. Qf2 a5 23. Bc5 Bxc5 24. Qxc5 Qxc5+ 25. Rxc5 g5 $1 $132 {0-1 Schweber,
S-Larsen,B/Buenos Aires 1983/MCD-r8 (51)}) 11... Qe8 12. Ne1 Qh5 13. Nd3 g5 14.
f3 (14. Nxe4 fxe4 15. Ne5 Nxe5 16. dxe5 b6 (16... Rf5 $5 {is interesting, to
try and provoke kingside weaknesses.}) 17. cxd5 cxd5 {and white does not
appear to have a way to exploit the temproary possession of the c-line:} 18.
Qc7 (18. Qc6 Rb8 19. Rd2 Qf7) 18... Qf7 $1 (18... Bd8 $6 19. Qc6 Rb8 20. Rac1
Qf7 (20... Qxe2 $2 21. Qd6 Ra8 22. Rxd5 $1 $18) 21. Qd6 Ra8 22. Rd2 $14) 19.
Qc6 (19. Bh3 h5 20. Qc6 Rb8 21. Rac1 g4 22. Bf1 (22. Bg2 Ba6 $36) 22... Bc5 $36
) 19... Rb8 20. Rac1 Bc5 $1 {[%csl Re2,Rf2][%cal Gb8b2]}) 14... Nd6 15. c5 {
Often a rather risky decision, and one that many Stonewall Dutch devotees are
happy to see. In general, this creates avenues for counterplay with the breaks
...e5 and ...b6.} Nf7 16. Bf2 (16. f4 $5 {leads to complex play and is
probably better.} Nf6 (16... b6 17. b4 Ba6 (17... bxc5 18. bxc5 {looks worse
for black since white is likely to use both the b-line and the b4 square.} (18.
dxc5 Bf6 19. fxg5 Nxg5 20. Nf4 Qf7 $13)) 18. fxg5 Nxg5 19. Nf4 Qf7 20. Qa4 Bb7
21. Rf1 $14) 17. Nf2 Ng4 18. Nxg4 fxg4 19. b4 gxf4 20. Bxf4 e5 21. dxe5 Nxe5
$132 (21... a5 $5)) 16... e5 17. e4 dxe4 18. fxe4 exd4 $6 {This works out well
for black but it seems to me that there were tempting, and better options.} (
18... f4 $5 19. Qe2 (19. d5 Nf6 20. d6 Bd8 {and black's advantages look more
worrying than white's.}) 19... Qh6 20. d5 Nf6 {and again black's position
looks menacing, though matters are far from clear.}) (18... Nf6 $5 {also looks
rather scary for white:} 19. Nxe5 Nxe5 20. dxe5 Ng4 21. h3 Nxf2 22. Qxf2 fxe4
23. Qe3 g4 $1 $40 {[%csl Rc5,Re5] These lines pose white problems with the
awkwardly placed Bf2, something which is less true in the game continuation.})
19. Bxd4 Bf6 20. Bxf6 Nxf6 21. Re1 $6 (21. e5 Ng4 22. Bf3 f4 23. Ne4 {and
white has a full share of the play.} (23. Qe2 fxg3 24. hxg3 Qh3)) 21... f4 $1
22. gxf4 gxf4 23. Nxf4 $6 {Again white had a chance to brave some frightening
complications:} (23. Qf2 $4 Ng4 24. Qxf4 Nfe5 25. Qg3 Nxd3) (23. e5 $5 Ng4 24.
h3 Ne3 $1 (24... Ngxe5 25. Nxf4 Nf3+ 26. Bxf3 Qxf3 27. Qg2+ $11) 25. Qe2 (25.
Qf2 $5 Ng5 (25... Nxg2 $5 26. Qxg2+ Kh8 27. Nxf4 Qh6 $1 $36) 26. Nxf4 Nxg2 27.
Nxh5 Nxh3+ 28. Kxg2 Rxf2+ 29. Kg3 $36) 25... Qxe2 26. Rxe2 Nxg2 27. Rxg2+ Kh8
28. Nxf4 Nxe5 29. Rf1 $11) 23... Qxc5+ 24. Kh1 Ne5 {Now black's position is
clearly more pleasant, solid and more active.} 25. Nd3 Nxd3 26. Qxd3 Ng4 27.
Qg3 Kh8 28. e5 $2 {[#] Passivity was the best way to avoid the coming tactical
storm.} (28. h3 Nf2+ 29. Kh2 Bxh3 $3 30. Bxh3 Rg8 31. Qf4 (31. Qc7 Qh5 $19) (
31. Na4 Rxg3 32. Nxc5 Rag8 $1) 31... Raf8 $1 (31... Nxh3 32. Qf6+ Rg7 $17) 32.
Bf5 Rf6 $1 33. e5 (33. Na4 Rh6+ $1 34. Qxh6 Qe5+) (33. Ne2 Nd3 34. Qh4 Qd6+ 35.
e5 Qxe5+ 36. Ng3 Rh6 $1 37. Rxe5 Rxh4+ 38. Kg2 Nxe5 $19) 33... Qd4 (33... Ng4+
34. Kg3 (34. Kg2 Rxf5) (34. Kh1 Qf2 $1) (34. Kh3 Qf2 35. Rf1 Rh6+) 34... Rxf5)
34. Re4 $1 (34. Ne4 Rh6+ $1)) (28. Nd1 {looks forced, defending f2 and trying
to blunt the attack by exchanging queens on c3.} Be6 (28... Qh5 {intending Be6
and completing development leaves white with an unpleasant defensive task.})
29. Qc3+ Qxc3 30. Nxc3 Rad8 {is promising but not crushing.}) 28... Nf2+ 29.
Kg1 Bh3 $1 30. Qe3 Rg8 $1 31. Qxc5 Rxg2+ 32. Kf1 Nd3 33. Re3 Rf2+ 34. Kg1 Rg8+
35. Rg3 (35. Kh1 Bg2+ 36. Kg1 Bf3#) 35... Rxg3+ 36. hxg3 Rg2+ 37. Kh1 Nxc5 0-1

[Event "FIDE-Wch k.o."]
[Site "Groningen"]
[Date "1997.12.10"]
[Round "1.2"]
[White "Granda Zuniga, Julio E"]
[Black "Kurajica, Bojan"]
[Result "1-0"]
[WhiteElo "2625"]
[BlackElo "2545"]
[Annotator "Tisdall,J"]
[PlyCount "57"]
[EventDate "1997.12.09"]
[EventType "k.o."]
[EventRounds "7"]
[EventCountry "NED"]
[SourceTitle "CBM 063"]
[Source "ChessBase"]
[SourceDate "1998.03.26"]
[SourceVersion "1"]
[SourceVersionDate "1998.03.26"]
[SourceQuality "1"]

1. d4 Nf6 2. Nf3 e6 3. c4 Bb4+ 4. Nbd2 b6 5. a3 Bxd2+ 6. Bxd2 h6 7. g3 Bb7 8.
Bg2 O-O 9. O-O d6 10. b4 (10. d5 $5 {is an alternative for the adventurous:}
exd5 11. Nh4 Qc8 12. Bc3 Ne4 13. Rc1 c5 14. Bxe4 dxe4 15. Qxd6 Re8 16. Qf4 Qe6
17. Nf5 g5 18. Qc7 Qxf5 19. Qxb7 Nd7 20. Rcd1 Nf8 21. f4 g4 22. Qc6 Ng6 23. Rd5
Qc8 24. Qf6 {1-0 Riemersma,L-Bjarnason,S/Hafnarfjordur op 1995/EXT 97}) 10...
Nbd7 11. Bc3 Qe7 (11... Re8 12. Rc1 Rb8 13. Re1 a6 14. a4 Ne4 15. Bb2 Ndf6 16.
Qc2 a5 17. b5 c6 18. bxc6 Bxc6 19. Nd2 Bxa4 20. Qxa4 Nxd2 21. Qc2 Nxc4 22. Qxc4
d5 23. Qb5 Re7 24. Ba3 Rd7 25. Rc6 Ne8 26. Rec1 Rdb7 27. e3 Nc7 28. Qa4 Ra8 29.
Bf1 {1-0 Epishin,V-Pastircak,M/Nimes op 1991/EXT 91op}) 12. Qb3 $5 {This move
does not have any obvious advantages over the simple} (12. Qc2 $14 {when} Be4
13. Qb2 c6 14. Rfe1 a5 15. Bf1 Bg6 16. Nd2 axb4 17. axb4 e5 18. dxe5 dxe5 19.
Bh3 {led to a nagging white advantage, but black's choice of which lines to
open led to the loosening of his position in this game.} Rfe8 20. Rxa8 Rxa8 21.
Nf3 Re8 22. Rd1 b5 23. cxb5 cxb5 24. Qa1 Be4 25. Qa5 Rc8 26. Ba1 Rb8 27. Qc7
Bxf3 28. exf3 Ra8 29. f4 Qxb4 30. Bxd7 Nxd7 31. Qxd7 exf4 {1-0 Hjartarson,
J-Kurajica,B/Linares op 1995/EXP 45}) 12... Ne4 13. Bb2 f5 14. Rad1 {Freeing
the Nf3 of guard duty, the first step towards eviction of the knight on e4.}
Qf7 15. Ne1 a5 16. b5 e5 17. f3 {White continues with his straightforward plan,
but this also creates some rather ugly weaknesses in his own camp.} Nef6 (17...
Ng5 $5 {was an interesting alternative, since black does not have to fear
ideas with f3-f4;} 18. f4 (18. dxe5 Nxe5 $1 19. Bxe5 (19. f4 Bxg2 20. Kxg2 a4
$1 $17) 19... dxe5) 18... Bxg2 19. Kxg2 exf4 {and black has good counterplay
on the kingside and via the e-line.}) 18. Qc2 exd4 $6 (18... f4 $5 {[%csl Re3,
Rf3,Rg2] was the energetic course, when white's loss of harmony incurred by
f2-f3 is most likely to be felt. The text move has the added disadvantage of
leaving black's Nf6 awkwardly placed in regard to the f5 pawn, and so does not
fit in well with his previous move. Nevertheless, black still has solid
position if he weathers the coming pressure.}) 19. Rxd4 $1 {The best way to
bring pressure to bear on black's slightly shaky kingside.} Nh7 20. Rf4 Qe6 21.
Bh3 g6 22. Rh4 g5 23. Qc3 $1 Qg6 $1 {Black needs to get his queen out of the
pin on the f-pawn, so this is the most economical way to meet the threat on g7.
} 24. Rd4 Nc5 {[%csl Ra4]} 25. Qc2 Rae8 26. Rf2 Re7 27. g4 Ne6 $4 {Accidents
can of course happen anywhere and any time, but I can't help feeling that this
kind of move says a lot about what the current FIDE cycle does to quality of
play...} (27... Bc8 {was sensible, when black's position remains fully viable.}
) 28. gxf5 Qh5 $2 (28... Nxd4 29. fxg6 Nxc2 30. gxh7+ Kxh7 31. Nxc2 {was the
lesser evil.}) 29. fxe6 (29. fxe6 Qxh3 30. Qg6+ Rg7 31. Qxg7+ Kxg7 32. Rh4+)
1-0

[Event "EU-chT (Men) 11th"]
[Site "Pula"]
[Date "1997.05.??"]
[Round "6.4"]
[White "Yakovich, Yuri"]
[Black "Dizdar, Goran"]
[Result "1-0"]
[WhiteElo "2575"]
[BlackElo "2550"]
[Annotator "Tisdall,J"]
[PlyCount "99"]
[EventDate "1997.05.05"]
[EventType "team-swiss"]
[EventRounds "9"]
[EventCountry "CRO"]
[SourceTitle "CBM 057 Extra"]
[Source "ChessBase"]
[SourceDate "1997.05.01"]
[SourceVersion "1"]
[SourceVersionDate "1997.05.01"]
[SourceQuality "1"]
[WhiteTeam "Russia"]
[BlackTeam "Croatia"]
[WhiteTeamCountry "RUS"]
[BlackTeamCountry "CRO"]

1. d4 Nf6 2. c4 e6 3. Nf3 Bb4+ 4. Nbd2 O-O 5. a3 Be7 6. e4 d5 7. Bd3 {The more
confrontational} (7. e5 $5 {also has its attractions for white:} Nfd7 8. b4 $5
a5 9. b5 c5 10. Bb2 $5 $146 (10. cxd5 exd5 11. Bd3 cxd4 12. Nb3 a4 13. Nbxd4
Nc5 14. O-O Nbd7 15. Nf5 Nxd3 16. Qxd3 Nc5 17. Nxe7+ Qxe7 18. Qxd5 Nb3 19. Bg5
Qe6 20. Rad1 {1/2-1/2 Lputian,S-Gulko,B/Erevan 1996}) 10... b6 $2 {><c6} (10...
Re8 {was recommended as an improvement, to cycle the Nd7 to f8 at once, but
the whole position looks very passive for black. It is hard to counter in the
center without aiding white's development.}) 11. cxd5 exd5 12. Bd3 Re8 13. O-O
Nf8 14. Ne1 $1 $16 {/\f4 Lputian,S-Jussupow,A/GER-ARM 1996/1/2-1/2 (71)}) 7...
c5 8. dxc5 a5 $5 $146 {Compare the reactions of Fritz4 and Hiarcs6 here - very
peculiar!} (8... dxe4 9. Nxe4 Nxe4 10. Bxe4 Qxd1+ 11. Kxd1 Bxc5 12. b4 Be7 (
12... Bxf2 13. c5 f5 14. Bb1 Nc6 15. Ra2 Rd8+ 16. Rd2 Rxd2+ 17. Bxd2 b5 18. Ba2
Kf8 19. g4 $36 {Khenkin,I-Ulibin,M/Borzhomi 1988 (1/2-1/2, 64)}) 13. Ke2 f5 14.
Bc2 Bf6 15. Rb1 e5 16. Bb2 Re8 17. Rhe1 Nc6 18. Kf1 Be6 19. c5 e4 20. Bxf6 gxf6
21. Nd2 Red8 $132 {1/2-1/2 Yakovich,Y-Makarov,M/Novgorod op 1995 (38)}) 9. O-O
(9. e5 Nfd7 10. cxd5 Nxc5 $5 (10... exd5 11. O-O Nxc5 12. Bc2 Nc6 {and black
has developed his knights more harmoniously than in the game.}) 11. Bxh7+ Kxh7
12. Qc2+ Kg8 13. d6 Bxd6 14. exd6 Qxd6 15. Ne4 Nxe4 (15... Qd3 $5) (15... Nd3+
$4 16. Kd2 $1) 16. Qxe4 Rd8 $11) 9... Nbd7 10. cxd5 Nxc5 11. Bc2 exd5 12. e5
Nfe4 13. Nb3 Bg4 {The sound choice.} (13... b6 $5 {is an interesting
alternative. Though black risks long term weaknesses on b6 and c6, the chance
of using the Bc8 on b7 and a6 offers counterplay.} 14. Nfd4 $5 {to clear the
way for the f-pawn at once.} (14. Nbd4 Qd7 15. Be3 Bb7 $132 16. Nd2 $141 Ba6
17. Re1 Nd3) 14... Nxb3 15. Bxb3 (15. Nc6 Nxa1 16. Nxd8 Rxd8 $19 {since the
Na1 is very much alive.}) 15... Bc5 16. f3 Ng5 (16... Ba6 $6 17. fxe4 (17. Re1
Nf2 $1 $36) 17... Bxf1 18. Kxf1 dxe4 19. Nf5 Qxd1+ 20. Bxd1 $16) 17. Be3 $14)
14. Be3 Ne6 {planning to exploit the pin on the Nf3 with ...Ng5.} 15. Qd3 a4 (
15... Rc8 $5 16. Nbd4 Bc5 $5 $132) 16. Nbd4 N6c5 17. Qb5 Ra6 (17... Ra5 18. Qe2
f6 $5 19. h3 $5 (19. exf6 Bxf6 $36) (19. Qe1 $5) 19... fxe5 20. hxg4 exd4 21.
Nxd4 Bd6 $132 {[%cal Yd6h2]} 22. Nf5 $141 Rxf5 23. gxf5 Qh4 24. f4 Ng3 25. Qf3
Nce4 26. Bxe4 dxe4 27. Qd1 Rxf5 $1 $17) 18. Rab1 Ra5 19. Qe2 Qc8 $6 {This bit
of hesitation allows white to bring the Rf1 into play before playing Qe1.} (
19... f6 $5) 20. Rfc1 Qd7 21. Qe1 Ra6 22. Nd2 $14 f6 23. exf6 Raxf6 {This is
clearly a much improved version of a plan with ...f6 than seen earlier. Due to
the weakness of c5, black cannot avoid unfavorable exchanges.} (23... Bxf6 24.
f3 Nxd2 25. Qxd2 Bh5 26. Bxh7+ Kxh7 27. Rxc5) 24. f3 Nxd2 25. Qxd2 Bh5 26. Bg5
Ra6 27. Bxe7 Qxe7 28. Re1 (28. Nf5 $142 Qf7 29. Qxd5 $1) 28... Qf6 29. Re3 (29.
Nf5 $5 Rd8 30. Re7 Bf7 31. Rbe1) 29... Raa8 30. Rbe1 $16 Rfe8 31. Nf5 Rxe3 32.
Rxe3 Rd8 33. Re7 Bf7 34. Qd4 Qxd4+ 35. Nxd4 g6 $6 {This robs black of his best
potential post for the Bf7.} (35... Re8 $5 36. Rc7 (36. Bxh7+ Kxh7 37. Rxf7
Re1+ 38. Kf2 Rb1 $132) 36... b6 37. Nf5 $1 $36 {+/-} (37. Kf2 Bg6 $132)) (35...
Bg6 $5 36. Bxg6 hxg6 37. Rc7 b6 38. Rc6 $16) 36. Rc7 b6 37. Kf2 Kf8 38. Ke3 {
[%csl Ra4,Rb6,Rd5,Rf7,Rh7][%cal Ra7h7] Black is too passive and has far too
many weaknesses to avoid material loss.} Rd6 39. Ra7 Kg7 40. Bxa4 $18 Kf6 41.
b4 Ne6 42. Rd7 Rxd7 43. Bxd7 Nf8 44. Bc6 Ke5 45. f4+ Kd6 46. Ba4 h6 47. g3 Nh7
48. Nb5+ Ke7 49. Kd4 Nf8 50. Bb3 1-0

[Event "Alushta"]
[Site "Alushta"]
[Date "1999.03.10"]
[Round "8"]
[White "Khomyakov, Vladimir"]
[Black "Korotylev, Alexey"]
[Result "0-1"]
[WhiteElo "2380"]
[BlackElo "2440"]
[Annotator "Tisdall,J"]
[PlyCount "76"]
[EventDate "1999.03.03"]
[EventType "tourn"]
[EventRounds "11"]
[EventCountry "UKR"]
[EventCategory "10"]
[SourceTitle "CBM 070"]
[Source "ChessBase"]
[SourceDate "1999.06.08"]
[SourceVersion "1"]
[SourceVersionDate "1999.06.08"]
[SourceQuality "1"]

1. d4 Nf6 2. c4 e6 3. Nf3 Bb4+ 4. Bd2 Qe7 5. g3 Nc6 6. Bg2 Bxd2+ 7. Nbxd2 d6 8.
O-O O-O 9. e4 e5 10. d5 Nb8 11. b4 a5 12. a3 Na6 13. Ne1 Bg4 14. f3 Bd7 15. Nd3
c6 16. bxa5 $5 {An untried and rather ugly idea, but if white can manage to
use the b-file or the b6 square then it is worth a try. However the black
position is very solid, and white risks losing both a-pawns in the long run.} (
16. dxc6 bxc6 17. Qc2 (17. Qe2 Rfb8 18. Rfb1 Nc7 19. Qf2 Be6 20. bxa5 Rxb1+ 21.
Rxb1 Rxa5 $11 {1-0 Littlewood,P-Cooper,L/ENG-chT9697 1997/EXT 99 (65)}) 17...
d5 (17... Rfe8 18. Qc3 Nc7 19. Nb3 axb4 20. axb4 h5 $11 {0-1 Van der Vliet,
F-Martens,M/NLD-chT9596 1995/EXT 99 (58)}) 18. c5 dxe4 19. fxe4 Ng4 20. Nc4 $13
{1-0 Rashkovsky,N-Maherramzade,J/Open, Ubeda ESP 1999 (38)}) (16. Qe2 Rfc8 17.
dxc6 bxc6 18. f4 Bg4 $11 {1-0 Bernard,C-Renaze,L/18th op A, Cannes FRA 1997 
(32)}) 16... Qd8 17. Nb3 cxd5 18. cxd5 Bb5 (18... Ba4 19. Rb1 Nd7 20. Qd2 Bxb3
21. Rxb3 Nac5 22. Nxc5 Nxc5 23. Rb6 $14) 19. Rf2 Nd7 20. Nb2 $5 (20. Rb1 Bxd3
21. Qxd3 Nac5 22. Qc3 (22. Qe3 Nxb3 23. Rxb3 Nc5) 22... Nxb3 23. Rxb3 Nc5 24.
Rb5 Qd7 $44) 20... Nac5 21. a4 Ba6 22. Bh3 g6 23. Ra3 $5 (23. Rc1 Nxb3 (23...
f5 24. exf5 gxf5 25. f4 Nxb3 26. Qxb3 e4 27. g4 $5 {leaves black with much
less control over the position.}) 24. Qxb3 Nc5 25. Qb6 Qg5 26. Rc3 Rad8 {
and what white plans to do in the future is not clear, while black can expand
on the kingside.}) 23... f5 24. exf5 gxf5 25. Qd2 $2 (25. f4 $5 {is risky, but
I cannot help but be tempted by one of the few methods of activating white's
position:} Ne4 (25... Nxb3 26. Rxb3 Nc5 27. Re3 Ne4 (27... e4 28. Bxf5 $1) 28.
Rc2 $5 {and white's pressure against black's center pawns should guarantee him
at least his share of the chances.} (28. Rff3 $5 Qxa5 29. Bxf5 (29. fxe5 $2 Ng5
30. Bxf5 Qc5 $1 {[%csl Rf3,Rf5] favors black.}) 29... Rxf5 30. Rxe4 exf4 31.
Rfxf4 Rxd5 32. Qg4+ Kh8 33. Re7 Qc5+ 34. Kg2 (34. Rf2 Qc1+ 35. Kg2 Bf1+ 36.
Rxf1 Rd2+ $1 $132) 34... Rd2+ 35. Kh3 Qc8 36. Rd7 Qg8 37. Qxg8+ Kxg8 38. Nc4
$40) 28... Qxa5 29. Bxf5 $16)) 25... Rc8 26. Bf1 Kh8 $1 {A useful preparation
for later action on the kingside, black will have the g-file ready to use.} 27.
Bb5 Nf6 $1 {Now d5 comes under pressure and white still lacks a constructive
plan.} 28. Nc1 f4 $1 29. Ne2 (29. gxf4 Nce4 30. fxe4 Nxe4 31. Qd1 Nxf2 32. Kxf2
Rxf4+ {and white has little hope of surviving the coordinated attack of
black's heavy pieces.}) 29... Nce4 $1 {Again this tactic strips white's king
bare.} 30. fxe4 Nxe4 31. Qe1 Nxf2 32. Qxf2 fxg3 33. Qe1 (33. Qg2 Qxa5 ({or} 
33... Rc2 {are equally hopeless.})) 33... gxh2+ 34. Kxh2 (34. Kh1 {looks a bit
tougher, using the h-pawn as cover but something like} Rc2 35. Nd1 Rg8 $5 {
should still win easily.} (35... Qg5 36. Rg3 $140 Bxb5 $1 {is also attractive.}
37. Rxg5 Rxe2)) 34... Rc2 35. Nd1 Qg5 36. Re3 (36. Rg3 Qh4+) (36. Rc3 Bxb5 $1
37. Rxc2 (37. axb5 Qh5+) 37... Bxe2 38. Rxe2 (38. Qxe2 Qh4+ 39. Kg1 Rg8+ $19)
38... Rg8 $1 $19) 36... Bxb5 37. axb5 Rg8 38. Rg3 (38. Qf2 Rxe2 $1 (38... Qh5+
$19) 39. Qxe2 Qg1+ 40. Kh3 Qh1+ 41. Qh2 Qf1+ 42. Kh4 Qf6+) 38... Rxe2+ 0-1